Ptaki stwierdzone w polsce na litere T - Statystyki

Ogólne statystyki
  • Ten quiz został rozwiązany 31 razy
  • Średni wynik to 10 z 18
Statystyki odpowiedzi
Odpowiedź % Poprawnych
turkawka
82%
trzciniak
65%
terekia
65%
trzcinniczek
65%
trznadel
65%
tamaryszka
59%
trznadel czarnogłowy
59%
turkawka wschodnia
59%
trzcinniczek kaspijski
53%
trzmielojad
53%
trznadel białogłowy
53%
trznadel czubaty
53%
trznadelek
53%
trznadel rudogłowy
53%
trznadel szarogłowy
53%
trznadel złotawy
53%
trznadel złotobrewy
53%
turkan
47%
Nie znaleziono quizów pasujących do podanych kryteriów
Rozkład punktacji
Procent ludzi z każdym wynikiem
Percentyl według liczby udzielonych odpowiedzi
Twoja historia wyników
Nie rozwiązałeś tego quizu